000 00772nam0a22002651 4500
001 RU\INFOCOMM_322\NLR\5000161141
005 20250613110247.0
035 _a(NLR Aleph) 009554571
090 _a9029398
_c9029398
100 _a20130208d1958 |||y0rusy50 ca
101 0 _afre
102 _aRU
105 _ay z |||||
200 1 _aLivret du moteur diesel 6Ч 36/45
_fV/o. "Machinoexport"
210 _aM.
_cVnechtorguizdate
_d[1958]
215 _a36 с.
_cил.
_d22 см
606 0 _aДвигатели Дизеля 6ч 36-45
_2nlr_sh1
620 _aМосква
686 _aТ6-565(6ч)
_2rubbk
712 0 2 _a"Machinoexport", v/o
_4570
801 1 _aRU
_bInfocomm
_c20130208
801 0 _aRU
_bINFOCOMM
_gPSBO
852 _aNLR
_jТ15 Г-6/43
942 _cBOOK
980 _aNB